Statistieken voor 7 willekeurige landen op de wereldkaart in 15 seconden

Klik hier om de quiz te nemen!

Algemene statistieken

  • Deze quiz is 143 keer genomen
  • De gemiddelde score is 4 van 7

Antwoorden op de kaart

Antwoorden kleurgecodeerd door een groen-rode schaal op de quizkaart volgens % correct hieronder.
 

Antwoordstatistieken

land% Correct
België
100%
Belize
100%
Bulgarije
100%
Burundi
100%
Colombia
100%
Djibouti
100%
Duitsland
100%
Eswatini
100%
Ierland
100%
IJsland
100%
Iran
100%
Japan
100%
Laos
100%
Malawi
100%
Malta
100%
Marokko
100%
Moldavië
100%
Nederland
100%
Panama
100%
Peru
100%
Senegal
100%
Spanje
100%
Togo
100%
Tsjaad
100%
Vietnam
100%
Zuid-Afrika
100%
Zuid-Korea
100%
Zweden
100%
Kenia
50%
Kirgizië
50%
Nieuw-Zeeland
50%
Oeganda
50%
Oman
50%
Afghanistan
0%
Albanië
0%
Algerije
0%
Andorra
0%
Angola
0%
Antigua en Barbuda
0%
Argentinië
0%
Armenië
0%
Australië
0%
Azerbeidzjan
0%
Bahama's
0%
Bahrein
0%
Bangladesh
0%
Barbados
0%
Belarus
0%
Benin
0%
Bhutan
0%
Bolivia
0%
Bosnië en Herzegovina
0%
Botswana
0%
Brazilië
0%
Brunei
0%
Burkina Faso
0%
Cabo Verde
0%
Cambodja
0%
Canada
0%
Centraal-Afrikaanse Republiek
0%
Chili
0%
China
0%
Comoren
0%
Congo
0%
Costa Rica
0%
Côte d'Ivoire
0%
Cuba
0%
Cyprus
0%
Dem Rep Congo
0%
Denemarken
0%
Dominica
0%
Dominicaanse Republiek
0%
Ecuador
0%
Egypte
0%
El Salvador
0%
Equatoriaal-Guinea
0%
Eritrea
0%
Estland
0%
Ethiopië
0%
Fiji
0%
Filipijnen
0%
Finland
0%
Frankrijk
0%
Gabon
0%
Gambia
0%
Georgië
0%
Ghana
0%
Grenada
0%
Griekenland
0%
Guatemala
0%
Guinee
0%
Guinee-Bissau
0%
Guyana
0%
Haïti
0%
Honduras
0%
Hongarije
0%
India
0%
Indonesië
0%
Irak
0%
Israël
0%
Italië
0%
Jamaica
0%
Jemen
0%
Jordanië
0%
Kameroen
0%
Kazachstan
0%
Kiribati
0%
Koeweit
0%
Kosovo
0%
Kroatië
0%
Lesotho
0%
Letland
0%
Libanon
0%
Liberia
0%
Libië
0%
Liechtenstein
0%
Litouwen
0%
Luxemburg
0%
Madagaskar
0%
Maldiven
0%
Maleisië
0%
Mali
0%
Marshalleilanden
0%
Mauritanië
0%
Mauritius
0%
Mexico
0%
Micronesia
0%
Monaco
0%
Mongolië
0%
Montenegro
0%
Mozambique
0%
Myanmar
0%
Namibië
0%
Nauru
0%
Nepal
0%
Nicaragua
0%
Niger
0%
Nigeria
0%
Noord-Korea
0%
Noord-Macedonië
0%
Noorwegen
0%
Oekraïne
0%
Oezbekistan
0%
Oostenrijk
0%
Oost Timor
0%
Pakistan
0%
Palau
0%
Papoea-Nieuw-Guinea
0%
Paraguay
0%
Polen
0%
Portugal
0%
Qatar
0%
Roemenië
0%
Rusland
0%
Rwanda
0%
Saint Kitts en Nevis
0%
Saint Lucia
0%
Saint Vincent en
de Grenadines
0%
Salomonseilanden
0%
Samoa
0%
San Marino
0%
Saoedi-Arabië
0%
Sao Tomé en Principe
0%
Servië
0%
Seychellen
0%
Sierra Leone
0%
Singapore
0%
Slovenië
0%
Slowakije
0%
Soedan
0%
Somalië
0%
Sri Lanka
0%
Suriname
0%
Syrië
0%
Tadzjikistan
0%
Taiwan
0%
Tanzania
0%
Thailand
0%
Tonga
0%
Trinidad en Tobago
0%
Tsjechië
0%
Tunesië
0%
Turkije
0%
Turkmenistan
0%
Tuvalu
0%
Uruguay
0%
Vanuatu
0%
Vaticaanstad
0%
Venezuela
0%
Verenigde Arabische Emiraten
0%
Verenigde Staten
0%
Verenigd Koninkrijk
0%
Zambia
0%
Zimbabwe
0%
Zuid-Soedan
0%
Zwitserland
0%

Scoreverdeling

Percentiel versus Aantal Correcte Antwoorden

Procent van Mensen met Elke Score

Uw Scoregeschiedenis

U heeft deze quiz nog niet genomen